Difficultés sur la religion proposées au Père Malebranche par Mr..., officier militaire dans la marine
Saved in:
| Main Author: | |
|---|---|
| Format: | Book |
| Language: | French |
| Published: |
Bruselas
Universitaires de Bruxelles
1970
|
| Subjects: | |
| Tags: |
Add Tag
No Tags, Be the first to tag this record!
|
MARC
| LEADER | 00000nam a2200000 a 4500 | ||
|---|---|---|---|
| 001 | UCZ4496 | ||
| 003 | CL-VaPUC | ||
| 008 | 951110e19700000BE |||||||||||||||||fre|d | ||
| 082 | 0 | 4 | |a 111 |b MOR |2 21 |
| 100 | |a Mortier, Roland |e auteur |9 348517 | ||
| 245 | 1 | 0 | |a Difficultés sur la religion proposées au Père Malebranche par Mr..., officier militaire dans la marine |
| 300 | |a 430 p | ||
| 942 | |c BK | ||
| 945 | |d 19951110 00:00:00 |a cmena | ||
| 260 | |a Bruselas |b Universitaires de Bruxelles |c 1970 | ||
| 600 | 0 | |a Malebranche, Nicolás, |d 1638-1715 |9 348518 | |
| 650 | 0 | |a Ontología |9 256850 | |
| 650 | 0 | |a Ideologías |9 255200 | |
| 650 | 7 | |a DOCTRINAS RELIGIOSAS |2 CL-VaPUC |9 337177 | |
| 650 | 0 | |a Textos sagrados |9 257605 | |
| 650 | 0 | |a Teología |9 258766 | |
| 650 | 0 | |a Ética |9 255099 | |
| 650 | 0 | |a Conceptos morales |9 310606 | |
| 650 | 0 | |a Filosofía francesa |9 255698 | |
| 583 | |a last modification |c 19951110 00:00:00 |k Rodrigo Vera | ||
| 999 | |c 240870 |d 240868 | ||
| 952 | |0 0 |1 0 |4 0 |6 111_000000000000000_MOR_1970 |7 0 |8 P |9 252929 |a BIBEDU |b BIBEDU |c BIBEDU_PB |d 2019-11-19 |i 1597159 |o 111 MOR 1970 |p 1597159 |r 2024-01-25 |w 2019-11-19 |y BK |k FIL | ||